Cargando…

The Lost Itinerary of Frank Hamilton Cushing /

Presents the previously unpublished account, by the great anthropologist Frank Hamilton Cushing, of the origins and early months of the Hemenway Expedition to the American Southwest in the late 19th century, which sought to trace the ancestors of the Zuni Indians.

Detalles Bibliográficos
Autor principal: Cushing, Frank Hamilton, 1857-1900
Otros Autores: Wilcox, David R., 1944-, Hinsley, Curtis M.
Formato: Electrónico eBook
Idioma:Inglés
Publicado: Tucson : University of Arizona Press, 2002.
Colección:Book collections on Project MUSE.
Temas:
Acceso en línea:Texto completo

MARC

LEADER 00000cam a22000004a 4500
001 musev2_83455
003 MdBmJHUP
005 20230905052606.0
006 m o d
007 cr||||||||nn|n
008 020306s2002 azu o 00 0 eng d
010 |z  2002003302 
020 |a 9780816544592 
020 |z 9780816522699 
035 |a (OCoLC)1255221662 
040 |a MdBmJHUP  |c MdBmJHUP 
100 1 |a Cushing, Frank Hamilton,  |d 1857-1900. 
245 1 4 |a The Lost Itinerary of Frank Hamilton Cushing /   |c edited by Curtis M. Hinsley and David R. Wilcox. 
264 1 |a Tucson :  |b University of Arizona Press,  |c 2002. 
264 3 |a Baltimore, Md. :  |b Project MUSE,   |c 2021 
264 4 |c ©2002. 
300 |a 1 online resource (390 pages):   |b illustrations, maps ; 
336 |a text  |b txt  |2 rdacontent 
337 |a computer  |b c  |2 rdamedia 
338 |a online resource  |b cr  |2 rdacarrier 
490 0 |a The Southwest Center series 
490 0 |a Frank Hamilton Cushing and the Hemenway Southwestern Archaeological Expedition, 1886-1889 ;  |v v. 2 
520 |a Presents the previously unpublished account, by the great anthropologist Frank Hamilton Cushing, of the origins and early months of the Hemenway Expedition to the American Southwest in the late 19th century, which sought to trace the ancestors of the Zuni Indians. 
588 |a Description based on print version record. 
600 1 7 |a Cushing, Frank Hamilton.  |2 swd 
600 1 7 |a Cushing, Frank Hamilton,  |d 1857-1900.  |2 fast  |0 (OCoLC)fst00006678 
600 1 0 |a Cushing, Frank Hamilton,  |d 1857-1900. 
650 7 |a Zuni Indians.  |2 fast  |0 (OCoLC)fst01184932 
650 7 |a Anthropology.  |2 fast  |0 (OCoLC)fst00810196 
650 0 |a Anthropology  |z New Mexico  |x History. 
650 0 |a Anthropology  |z Arizona  |x History. 
650 0 |a Zuni Indians. 
651 7 |a New Mexico.  |2 fast  |0 (OCoLC)fst01204269 
651 7 |a Arizona.  |2 fast  |0 (OCoLC)fst01204820 
655 7 |a History.  |2 fast  |0 (OCoLC)fst01411628 
655 7 |a Electronic books.   |2 local 
700 1 |a Wilcox, David R.,  |d 1944- 
700 1 |a Hinsley, Curtis M. 
710 2 |a Project Muse.  |e distributor 
830 0 |a Book collections on Project MUSE. 
856 4 0 |z Texto completo  |u https://projectmuse.uam.elogim.com/book/83455/ 
945 |a Project MUSE - Custom Collection